000 00737nam a22002177a 4500
003 UA-OsUOA
001 103788
007 ta
008 20131119b un ||||| |||| 00| 0 ukr d
100 _aКучерук О.
090 _a81
_bК95
942 _cSA
040 _aUA-OsUOA
_bukr
_cUA-OsUOA
_dUA-OsUOA
245 _aМетодологічні засади особистісно орієнтованої лінгводидактики
300 _aС.20-24
955 _a0
041 _aukr
080 _a81
773 0 _w103787
_tУкраїнська мова і література в школі
_dК.
_d2013
_g6
650 7 _a8 Мовознавство. Художня література. Літературознавство
_2UDC
999 _c390175
_d390175